000 00996nam a2200289 i 4500
001 66348
003 ES-MaACL
005 20250624190423.0
007 t|
008 901121s1988 sp ||||0| spa d
020 _a84-404-2435-3
080 _a72.036(463.1 V.)
080 _a711.4.036(463.1 V.)
100 1 _aVirgili Blanquet, María Antonia.
_9115449
245 1 0 _aArquitectura y urbanismo de Valladolid en el siglo XX /
_cMaría Antonia Virgili Blanquet, Juan José Martín González.
260 _aValladolid :
_bAteneo,
_cD.L. 1988.
300 _a190 p :
_bil ;
_c22 cm.
490 1 _aHistoria de Valladolid ;
_v8-1
504 _aBibliografía.
650 4 _aArquitectura-
_zValladolid-
_yS.XX.
_910009
650 4 _aUrbanismo-
_zValladolid-
_yS.XX.
_917714
700 1 _aMartín González, Juan José,
_d1923-2009
_977514
710 2 _aAteneo de Valladolid.
_92031
830 1 _aHistoria de Valladolid ;
_v8-1
_9182993
852 4 _aES-MaACL
_jL-26829
999 _c66348
_d66348